UM Logo

How to distinguish ligand-binding mechanisms : (Record no. 17999)

MARC details
000 -LEADER
fixed length control field 00910nam a22002297a 4500
003 - CONTROL NUMBER IDENTIFIER
control field OSt
005 - DATE AND TIME OF LATEST TRANSACTION
control field 20230324131946.0
008 - FIXED-LENGTH DATA ELEMENTS--GENERAL INFORMATION
fixed length control field 230324b ||||| |||| 00| 0 eng d
040 ## - CATALOGING SOURCE
Transcribing agency 0
082 ## - DEWEY DECIMAL CLASSIFICATION NUMBER
Classification number DPer 570 J826 2021 v55 no. 1-5
100 ## - MAIN ENTRY--PERSONAL NAME
Personal name Faraj, Santiago Enrique.
Relator term author.
9 (RLIN) 48090
245 ## - TITLE STATEMENT
Title How to distinguish ligand-binding mechanisms :
Remainder of title an example of conformational selection disguised as an induced fit /
Statement of responsibility, etc. Santiago Enrique Faraj, Rolando Carlos Rossi, and Mónica Raquel Montes
260 ## - PUBLICATION, DISTRIBUTION, ETC. (IMPRINT)
Place of publication, distribution, etc. United Kingdom,
Name of publisher, distributor, etc. Taylor & Francis Group,
Date of publication, distribution, etc. June 2021.
300 ## - PHYSICAL DESCRIPTION
Extent volume 55, pages 238-253, illustration.
650 ## - SUBJECT ADDED ENTRY--TOPICAL TERM
Topical term or geographic name as entry element Education.
9 (RLIN) 48091
650 ## - SUBJECT ADDED ENTRY--TOPICAL TERM
Topical term or geographic name as entry element Biochemistry.
9 (RLIN) 48092
650 ## - SUBJECT ADDED ENTRY--TOPICAL TERM
Topical term or geographic name as entry element Enzymes.
9 (RLIN) 48093
700 ## - ADDED ENTRY--PERSONAL NAME
Personal name Faraj, Santiago Enrique.
Relator term author.
9 (RLIN) 48090
700 ## - ADDED ENTRY--PERSONAL NAME
Personal name Rossi, Rolando Carlos.
Relator term author.
9 (RLIN) 48094
700 ## - ADDED ENTRY--PERSONAL NAME
Personal name Montes, Mónica Raquel.
Relator term author.
9 (RLIN) 48095
942 ## - ADDED ENTRY ELEMENTS (KOHA)
Source of classification or shelving scheme Dewey Decimal Classification
Koha item type Periodicals
Holdings
Withdrawn status Lost status Source of classification or shelving scheme Damaged status Not for loan Collection code Home library Current library Date acquired Total Checkouts Full call number Date last seen Price effective from Koha item type Public note
    Dewey Decimal Classification     Periodicals UM Digos College - LIC UM Digos College - LIC 03/24/2023   DPer 570 J826 2021 v55 no. 1-5 03/24/2023 03/24/2023 Periodicals Periodical Article